| 000 | 00000nam 2200000zi 4500 |
| 001 | 9.933137 |
| 003 | CaOODSP |
| 005 | 20250106101310 |
| 006 | m o d f |
| 007 | cr mn||||||||| |
| 008 | 240130e19810420onc ob f000 0 eng d |
| 040 | |aCaOODSP|beng|erda|cCaOODSP |
| 043 | |an-cn---|an-usu-- |
| 086 | 1 |aId35-10/1981E-PDF |
| 100 | 1 |aGlover, Robert S., |eauthor. |
| 245 | 14|aThe potential for marketing Canadian dairy replacement heifers in a nine state area of the southern United States / |cby Robert S. Glover, John C. McKissick, William A. Thomas. |
| 264 | 1|a[Ottawa] : |bGovernment of Canada, Industry, Trade and Commerce = Gouvernement du Canada, Industrie et commerce, |cApril 20, 1981. |
| 300 | |a1 online resource (30, 7, 23 pages) |
| 336 | |atext|btxt|2rdacontent |
| 337 | |acomputer|bc|2rdamedia |
| 338 | |aonline resource|bcr|2rdacarrier |
| 500 | |aIssued also in French under title: Débouchés pour les génisses laitières canadiennes dans neuf états du sud des États-Unis. |
| 500 | |a"Market studies of United States"--Cover. |
| 500 | |aDigitized edition from print [produced by Innovation, Science and Economic Development Canada]. |
| 504 | |aIncludes bibliographical references. |
| 650 | 0|aCattle trade|zCanada. |
| 650 | 0|aDairy cattle|zCanada. |
| 650 | 0|aMarket surveys|zSouthern States. |
| 651 | 0|aCanada|xCommerce|zSouthern States. |
| 710 | 1 |aCanada. |bIndustry, Trade and Commerce, |eissuing body. |
| 775 | 08|tDébouchés pour les génisses laitières canadiennes dans neuf états du sud des États-Unis / |w(CaOODSP)9.946513 |
| 856 | 40|qPDF|s1.68 MB|uhttps://publications.gc.ca/collections/collection_2025/isde-ised/Id35-10-1981-eng.pdf |